Responses for Show #4516 - Monday, April 5, 2004

Chris Miller game 3.

Contestants

[<< previous game]

Bruce Williams, a production manager from Los Angeles, California

Jenny Taylor, an office manager and record producer from Plainfield, New Jersey

Chris Miller, a retail specialist from Louisville, Kentucky (whose 2-day cash winnings total $59,198)

[next game >>]

Jeopardy! Round responses

1954
(Alex: As a tribute to their 30th anniversary, we have 30 years of...)
PEOPLE
PAGANOMICS
THUMB ENCHANTED EVENING
NATIVE AMERICANS
A "GRAM" OF KNOWLEDGE
    $200 21
Dr. Jonas Salk

Chris
    $200 7
Princess Grace (Grace Kelly)

Chris
    $200 6
Christianity

Bruce
    $200 26
green thumb

Jenny
    $200 16
(Chris: What are dreamcatchers?)
(Jenny: What are rugs?)

baskets

ChrisJenny
Triple Stumper
    $200 1
Grammy

Bruce
    $400 22
(Bruce: Who is Dempsey?)
(Jenny: Who is Joe Louis?)

Rocky Marciano

JennyBruce
Triple Stumper
    $400 12
Faith (as in Faith Hill)

Chris
    $400 8
Easter

Chris
    $400 27
(General) Tom Thumb

Bruce
    $400 17
Tears

Jenny
    $400 2
grammar

Chris
    $600 23
(Alex: Less than a minute now.)

Puerto Rico

Chris
    $600 13
Harry Hamlin

Bruce
    $600 9
(Chris: What is a clover?)
(Alex: Be more specific.)
(Chris: The 3-leaf clover... the shamrock.)

shamrock

Chris
    $600 28
thumbnail

Jenny
    $600 18
(Herbert) Hoover

Jenny
    $600 3
Grambling State

Chris
    $800 24
Dien Bien Phu

Chris
    $800 14
Greta Van Susteren

Jenny
    $800 10
Bacchus

Chris
    $800 29
[The end-of-round signal sounds.]

Lake Huron

Bruce
    $800 19
Navajo

Chris
    $800 4
gramophone

Chris
    $1000 25
SEATO (Southeast Asia Treaty Organization)

Chris
    $1000 15
Christopher Atkins

Triple Stumper
    $1000 11
(Igor) Stravinsky

Chris
    $1,800 20
the Ghost Dance

Chris
    $1000 5
(Bruce: What is the Gramm Act?)

the Gramm-Rudman Act

Bruce
Triple Stumper

Scores at the first commercial break (after clue 15):

Chris Jenny Bruce
$5,200 $800 $0

Scores at the end of the Jeopardy! Round:

Chris Jenny Bruce
$10,200 $2,000 $800

Double Jeopardy! Round responses

PRIME MINISTERS
FAMOUS WOMEN
CHARACTERS IN PLAYS
GETTING THE "AX'
BERN, BABY, BERN
DISCO IN-FILM-O
    $400 6
Margaret Thatcher

Chris
    $400 9
(Alex: She's the wife of Jeb Bush.)

Florida

Jenny
    $400 21
Eliza Doolittle

Jenny
    $400 8
galaxy

Jenny
    $400 26
Zurich

Chris
    $400 1
Saturday Night Fever

Chris
    $800 7
king of Bulgaria

Bruce
    $800 10
Chelsea Clinton

Jenny
    $7,000 22
(Alex: Say something.)
(Jenny: I don't know.)

Big Daddy

Jenny
    $800 17
Halifax

Chris
    $800 27
(Chris: What is Vienna?)

Paris

ChrisJenny
    $800 2
'76

Bruce
    $1200 14
South Africa

Chris
    $1200 11
Brandi Chastain

Jenny
    $1200 23
Mama

Jenny
    $1200 18
axiom/maxim

Bruce
    $1200 3
(Jenny: What is Roller Disco?)

Roller Boogie

Jenny
Triple Stumper
    $1600 15
Canada

Triple Stumper
    $1600 12
Paula Zahn

Chris
    $1600 24
(Bruce: Who is Ensign Pulver?)
...
(Alex: With a minute to go.)

Mister Roberts

JennyBruce
    $1600 19
syntax

Chris
    $1600 29
[The end-of-round signal sounds.]

The Swiss Family Robinson

Jenny
    $1600 4
Can't Stop the Music

Bruce
    $1,800 16
the Czech Republic

Chris
    $2000 13
Carly Fiorina

Triple Stumper
    $2000 25
(Alex: Played so memorably by James Stewart.)

Elwood P. Dowd

Triple Stumper
    $2000 20
hyrax

Jenny
    $2000 28
copyright

Bruce
    $2000 5
Thank God It's Friday

Jenny

Scores at the end of the Double Jeopardy! Round:

Chris Jenny Bruce
$17,600 $6,200 $5,600
(lock game)

[wagering suggestions for these scores]

Final Jeopardy! Round responses

ROCK GROUPS
(Alex: That's what Winston Churchill offered the British people.)
BruceWhat is Iron Maiden?
$5,599
JennyWhat is ?
$6,200
ChrisWhat is Blood, Sweat and Tears?
$5,199
Blood, Sweat and Tears

Final scores:

Chris Jenny Bruce
$22,799 $0 $1
3-day champion: $81,997 3rd place: $1,000 2nd place: $2,000

Game dynamics:

Coryat scores:

Chris Jenny Bruce
$17,000 $13,200 $5,600
23 R
(including 2 DDs),
2 W
16 R,
4 W
(including 1 DD)
10 R,
3 W

Combined Coryat: $35,800

[game clues] [game scores] [suggest correction]

Game tape date: 2004-01-27
The J! Archive is created by fans, for fans. Scraping, republication, monetization, and malicious use prohibited; this site may use cookies and collect identifying information. See terms. The Jeopardy! game show and all elements thereof, including but not limited to copyright and trademark thereto, are the property of Jeopardy Productions, Inc. and are protected under law. This website is not affiliated with, sponsored by, or operated by Jeopardy Productions, Inc. Join the discussion at JBoard.tv.